| 000 | 01325nam0a22002891 4500 | ||
|---|---|---|---|
| 001 | rc\3390791 | ||
| 005 | 20260406090046.0 | ||
| 021 |
_aRU _b[74-37294] |
||
| 035 | _a(NLR Aleph) 007538504 | ||
| 090 |
_a9743341 _c9743341 |
||
| 100 | _a20130115d1974 |||y0rusy50 ca | ||
| 101 | 0 | _arus | |
| 102 | _aRU | ||
| 105 | _ay z ||||| | ||
| 200 | 1 |
_aИсторических форум миролюбивых сил _e(К итогам Всемирного конгресса миролюбивых сил в Москве, 25-31 окт. 1973 г.) _fВсесоюз. о-во "Знание". Науч.-метод. совет по пропаганде вопросов междунар. жизни |
|
| 210 |
_aМосква _cЗнание _d1974 |
||
| 215 |
_a56 с. _d19 |
||
| 300 | _aПеред загл. авт.: Л.Н. Анисимов, канд. ист. и юрид. наук | ||
| 606 |
_aДвижение сторонников мира _2psbo |
||
| 606 |
_aМирное сосуществование _2psbo |
||
| 700 | 1 |
_4070 _7ca _8rus _aАнисимов _bЛ. Н. _cканд. юрид. наук, канд. ист. наук _gЛеонид Николаевич _3RU\NLR\AUTH\770280611 _92652578 |
|
| 801 | 0 |
_aRU _bNLR _gpsbo |
|
| 801 | 1 |
_aRU _bELAR _2rusmarc |
|
| 852 |
_aNLR _j74-4/7625 |
||
| 942 | _cBOOK | ||
| 980 | _aNB | ||